000
00289nam a2200097Ia 4500
082
_a
mpl-13
245
0
_a
Lasting impressions : looking at marks and imprints
100
_a
BURNSCOTT, Leela South Yarra, 2009
_9
92105
942
_c
BK
008
210817s9999 xx 000 0 und d
999
_c
390207
_d
390206